[Event "ISR-ch op"]
[Site "Tel Aviv"]
[Date "1997.04.25"]
[Round "8"]
[White "Tsesarsky, Ilya"]
[Black "Alterman, Boris"]
[Result "1-0"]
[WhiteElo "2390"]
[BlackElo "2595"]
[Annotator "Tsesarsky,I"]
[PlyCount "163"]
[EventDate "1997.??.??"]
[EventType "swiss"]
[EventRounds "7"]
[EventCountry "ISR"]
[SourceTitle "CBM 058"]
[Source "ChessBase"]
[SourceDate "1997.06.01"]
[SourceVersion "1"]
[SourceVersionDate "1997.06.01"]
[SourceQuality "1"]

1. Nf3 d5 2. d4 Nc6 3. Bf4 Bf5 4. e3 e6 5. Bd3 Bg6 (5... Bxd3 6. Qxd3 Bd6 7.
Bxd6 cxd6 $11 8. O-O Nge7 9. Na3 O-O 10. c4 f5 {1/2-1/2 Blanco Fernandez,
A-Sariego,W/Manzanillo 1991 (30)} (10... dxc4 11. Nxc4 d5 $11)) (5... Nge7 6.
c3 f6 7. Bxf5 Nxf5 8. h4 h5 9. Qc2 Bd6 10. Bxd6 Qxd6 $11 {1-0 Nicolai,W-Faase,
R/Dortmund 1976 (22)}) (5... Nf6 6. O-O Bd6 7. Ne5 O-O 8. Nd2 Bxe5 9. dxe5 Ng4
10. Nf3 Be4 11. Ng5 Ngxe5 12. Nxe4 dxe4 13. Bxe4 $16 {1-0 Ptacnikova
Lenka-Jackova Jana/Ch Czech Republic (w), Usti nad Labem ( 1996 (35)}) 6. O-O
Nf6 7. c4 Bd6 8. Bxd6 Qxd6 (8... cxd6 9. cxd5 Nxd5 10. Bxg6 hxg6 11. e4 Nb6 12.
Nc3 d5 13. e5 $14) 9. cxd5 $14 exd5 10. Nc3 Bxd3 11. Qxd3 O-O 12. Rac1 (12. a3
Na5 13. Qb5 Nc4 14. Ra2 c6 15. Qxb7 Rfb8 16. Qa6 Rb6 17. Qa4 Nxb2 18. Qc2 Rab8
$132) 12... Nb4 (12... Rfd8) 13. Qf5 c6 14. a3 Na6 15. Ne5 Rad8 16. Rfd1 (16.
b4 Nc7 17. Rc2 Nd7 18. Nxd7 (18. Nd3 Nb6 19. Nc5 Rb8 20. Rb1 (20. b5 cxb5 21.
Rb1 a6) 20... Nc4 21. Rb3 Rfe8 22. a4 b6 23. Nd3 $11) 18... Qxd7 19. Qxd7 Rxd7
20. Rb1 a6 21. a4 Rc8 22. Kf1 Ne6 23. Ke2 $14) 16... Qe7 17. b4 Nc7 18. Qb1 $1
Nce8 19. Qb3 (19. b5 c5 20. a4 $14) 19... Qe6 20. h3 $5 (20. b5 $5 c5 21. Qa4
a6 (21... Ra8 22. Nd3 cxd4 (22... c4 23. Nc5 Qc8 24. Qb4 b6 25. N5a4 Qc7 26.
Ne2 Nd6 27. Nac3 Rad8 28. a4 (28. Rd2) 28... Rfe8 29. Ra1 Nde4 30. Nxe4 (30. a5
Ng4 $17) 30... Rxe4 31. Ng3 Re6 32. a5 $132) 23. Qxd4 $16) 22. bxa6 bxa6 23.
Nd3 $16) 20... a6 21. a4 Rc8 22. Nd3 (22. b5 c5 23. Nf3 c4 $11) 22... Nd6 23.
b5 a5 $6 (23... axb5 24. axb5 Nc4 25. Ra1 $14 (25. Nc5 Qe7 26. bxc6 (26. b6 $1
Ra8 27. Ra1 Ra5 28. Rxa5 Nxa5 29. Qb4 Nc4 30. Ra1 Nd7 31. Ra7 Rb8 32. N3a4 Nxc5
33. Nxc5 Nxe3 34. Qe1 (34. fxe3 Qxe3+ $11) 34... Nf5 35. Qxe7 Nxe7 36. Nd7 Re8
37. Rxb7 $16) 26... bxc6 27. Rb1 $14)) 24. bxc6 bxc6 {[#]} 25. Nb1 $1 $16 Rb8
$6 (25... Nfe4 26. Qc2 (26. Nd2 Rb8 27. Qc2 Nxd2 28. Qxd2 (28. Rxd2 Nc4 29. Re2
) 28... Nc4 29. Qc3 Qf5 30. Ne5 Nxe5 31. dxe5 Rb4 (31... Rb6 32. Qxa5 $16) 32.
Qxc6 Rb2 33. Rf1 Qxe5 34. Rc5 $16) 26... Nc4 27. Nc3 Ned6 28. Nc5 Qe7 29. e4
dxe4 30. N3xe4 $14) 26. Qc2 Rfc8 27. Nd2 Qf5 28. Ne5 Qh5 (28... Nfe4 29. Nxe4
Nxe4 30. f3 Nd6 31. Nxc6 Qe6 32. Qd3 Ra8 33. Ne5 $16) 29. Qc5 $6 (29. Nxc6 $1
Rc7 (29... Nf5 30. Qxf5 $18) (29... Kh8 30. Nb3 Rb6 31. Nbxa5 $18) 30. Qc5 Rbc8
(30... Nf5 31. Nxb8 $18) 31. Ne7+ (31. Qxd6 Rxc6 32. Rxc6 Qxd1+ 33. Nf1 Re8 34.
Ra6 Qxa4 35. Qc7 Qc4 36. Qxa5 $18) 31... Kh8 (31... Rxe7 32. Qxd6 Rce8 33. Qa6
$18)) 29... Nde4 30. Nxe4 Nxe4 31. Qxa5 c5 32. f3 $1 $18 Ra8 33. Qe1 Nf6 34. g4
$1 (34. a5 c4 35. Rb1 $16) 34... Qh6 (34... Qxh3 35. Rc2 $18) 35. h4 $1 Ne8 (
35... cxd4 36. g5 Qh5 37. Nc6 Rxc6 38. Rxc6 Nd7 39. Qg3 dxe3 40. Rxd5 Nf8 41.
a5 $18) 36. Rxc5 Rxc5 37. dxc5 Qe6 38. Nd3 Nc7 (38... Rxa4 39. Nf4 $18) 39. a5
h6 40. Kf2 $6 $138 (40. Nf4 $142 Qc6 (40... Qa6 41. Nxd5 $18) 41. Qc3 d4 42.
exd4 Nb5 43. Qe3 $18) 40... Qa6 41. Qc3 (41. Kg2 $5 Qb5 42. Qb4 Qxb4 43. Nxb4
Rxa5 $16) (41. Qb4 Qxa5 42. Qxa5 Rxa5 43. c6 Kf8 44. Rb1 Ke7 45. Rb8 $16) 41...
Qb5 (41... Qxa5 42. Qxa5 Rxa5 43. Rb1 Ne6 (43... Ra2+ 44. Rb2) (43... Ra3 44.
Ke2) 44. c6 Ra2+ 45. Kg3 Ra3 46. Nf4 $18) 42. Qb4 $6 (42. Ra1 $1 Na6 43. c6 Rc8
44. Ne5 f6 45. Ng6 Kh7 46. Ne7 Rc7 47. Qc2+ Kh8 48. Rb1 Qxa5 49. Rb7 Qa3 50.
Ng6+ Kg8 51. Nf4 Qd6 52. Rb6 $18 {[%csl Ra6][%cal Ga8h8,Gb6b8]}) 42... Qxb4 43.
Nxb4 Rxa5 44. Nxd5 $6 (44. Rc1 Ra4 45. Rb1 $1 (45. Nd3 h5 46. gxh5 Rxh4 47. Nf4
Rh2+ 48. Kg3 Rd2 $16) 45... Kf8 46. h5 Ke7 47. Ke2 Kd7 48. Rb2 Ra1 (48... Ne6
49. Nd3 Kc6 (49... Ra5 50. Rb7+ $18) (49... Rc4 50. Ne5+ $18) 50. Rb6+ Kc7 51.
Ne5 Ra5 52. Nxf7 Nxc5 53. Rg6 Ra2+ 54. Kf1 $18) 49. Nd3 Ne6 50. Rb7+ $18) 44...
Rxc5 {[#]} 45. Ne7+ $1 (45. Nxc7 Rxc7 46. Rd8+ Kh7 47. h5 g6 48. hxg6+ Kxg6 $11
) 45... Kf8 46. Nf5 Ne6 47. Rb1 (47. Rd7 Rc7 48. Rxc7 Nxc7 49. h5 $16) 47...
Kg8 48. Rb8+ Kh7 49. Rb7 Rc7 (49... Kg6 50. h5+ Kf6 51. Nd6 Rc2+ 52. Kg3 $18)
50. Rxc7 Nxc7 51. Nd6 $1 Kg8 52. h5 Kf8 53. Nf5 (53. e4 $142 Ne6 54. Ke3 Ke7
55. e5 f6 56. Nf5+ Kf7 57. f4 fxe5 58. fxe5 g6 59. Nxh6+ Kg7 {[#]} 60. Nf5+ $1
gxf5 61. gxf5 Nc7 62. f6+ Kf7 (62... Kh6 63. Kf4 Kxh5 64. Kf5 Kh6 65. e6 Nb5
66. e7 Nd6+ 67. Ke6 Ne8 68. f7 $18) 63. Kf4 (63. Ke4 $2 Ne6 64. Kf5 Nd4+ 65.
Kf4 Ke6 66. h6 Nc6 67. h7 Nxe5 $1 $11) 63... Ne6+ 64. Ke4 Ng5+ 65. Kf5 Ne6 66.
h6 Nf8 67. e6+ $1 Nxe6 68. h7 $18) 53... Ne6 54. f4 f6 55. Kf3 Nc5 56. e4 Kf7
57. Ke3 Ne6 (57... g6 58. Nh4 gxh5 59. gxh5 Kg7 60. Nf5+ Kh7 61. e5 fxe5 62.
fxe5 Ne6 63. Ke4 $18) 58. Nd4 $6 (58. e5 $1 fxe5 (58... g6 59. Nxh6+ Kg7 60. f5
$18) 59. fxe5 g6 60. Nxh6+ Kg7 (60... Kf8 61. Kf3 $18) 61. Nf5+ gxf5 62. gxf5
$18) 58... Nc5 59. Nf5 Ne6 60. Nh4 Ke7 61. Nf5+ (61. e5 $18) 61... Kf7 62. Nd4
Nc5 63. Ne2 {[#]} Ne6 $6 (63... g6 $1 64. Kd4 (64. hxg6+ Kxg6 65. Ng3 Kf7 66.
Nf5 Kg6 67. Ne7+ Kf7) 64... Ne6+ 65. Kd5 gxh5 66. gxh5 Ng7 67. Ng3 Ne6 68. f5
Nf4+ 69. Kd6 Nd3 70. Ne2 $16) 64. Kd3 Ke7 (64... g6 $2 65. hxg6+ Kxg6 66. f5+
$18) 65. e5 $1 fxe5 66. fxe5 Kf7 67. Ke4 Ng5+ 68. Kf5 Nf3 69. Nf4 Nd4+ 70. Ke4
Nb5 71. Kd5 Ke7 (71... Nc3+ 72. Kd4 (72. Kd6 Ne4+ 73. Kd7 Nc5+ 74. Kc6 Ne4 75.
Kd7 Nc5+) 72... Nb5+ 73. Kc4 Nc7 74. Kc5 Ne8 (74... Ke7 75. Nd5+) 75. Ng6 (75.
Kc6 Ke7) 75... Ke6 76. Kd4 Nc7 77. Nf4+ Kd7 78. Ke4 Ke8 79. e6 $18) 72. Ng6+
Kd7 73. e6+ Ke8 74. Nh4 Ke7 75. Nf5+ Kf6 76. e7 Nc7+ 77. Kd6 Ne8+ 78. Kd7 Kf7
79. Nd6+ Nxd6 80. Kxd6 Ke8 81. Ke6 g6 82. hxg6 1-0

[Event "EU-ch 2nd"]
[Site "Ohrid"]
[Date "2001.06.09"]
[Round "8"]
[White "Miles, Anthony John"]
[Black "Bologan, Viktor"]
[Result "0-1"]
[WhiteElo "2562"]
[BlackElo "2676"]
[Annotator "Tsesarsky,I"]
[PlyCount "120"]
[EventDate "2001.06.01"]
[EventType "swiss"]
[EventRounds "13"]
[EventCountry "YUG"]
[SourceTitle "CBM 084"]
[Source "ChessBase"]
[SourceDate "2001.09.13"]
[SourceVersion "1"]
[SourceVersionDate "2001.09.13"]
[SourceQuality "1"]

1. d4 Nf6 2. Nf3 e6 3. Bf4 c5 4. e3 Qb6 5. Nc3 {Here Black has a lot of
continuations, most of them bring to Black convenient game:} (5. Qc1 {
-mainline.}) 5... d5 $6 $14 {Inaccuracy!} (5... cxd4 6. exd4 (6. Qxd4 Qxd4 7.
Nxd4 a6 $11 {1/2-1/2 Gralka,P-Macieja,B/Augustow 1996/EXT 99 (37)}) 6... Qxb2
$1 (6... Qa5 7. Bd3 Be7 8. O-O a6 $132 {1-0 Nielsen,J-Hassabis,D/Lyngby 1988/
TD (24)}) (6... Be7 7. Bd3 (7. a3 O-O 8. Bd3 Nc6 9. O-O d6 10. Re1 $14 {
1-0 Rakic,T-Perunovic,M/Novi Sad 2000/EXT 2001 (42)}) 7... O-O 8. O-O a6 9. a3
d5 10. Ne5 Nc6 {1/2-1/2 Knezevic,M-Chekhov,V/Moscow 1991/EXT 2000 (16)}) (6...
Nc6 7. a3 a6 8. d5 $6 (8. Be2 d5 9. O-O $11 {1-0 Kovacevic,S-Melchor,A/Mislata
1993/EXT 2000 (27)}) 8... exd5 9. Be3 Bc5 10. Na4 Qa5+ 11. b4 Qxa4 12. Bxc5 d6
13. Bd4 Nxd4 14. Nxd4 O-O 15. Be2 Bd7 $17 {0-1 Vlasov,I-Polovodin,I/St
Petersburg 1992/EXT 97 (40)}) (6... d5 7. Nb5 Na6 8. a4 Be7 9. Bd3 O-O 10. c3
Bd7 $132 {1-0 Romi,M-Alexandrescu,G/Munich 1936/EXT 2000 (30)}) (6... Bb4 7.
Bd3 Nd5 8. Bd2 Nxc3 9. bxc3 Be7 10. O-O d6 11. Re1 Nd7 12. Ng5 Nf6 $132 {
1-0 Pozin,S-Tikhomirov,S/Eforie Nord 1998/EXT 2000 (67)}) (6... d6 7. a3 Bd7 8.
Rb1 a6 9. Bd3 Bc6 10. O-O Nbd7 11. Re1 Be7 $132 {Irreproducible . 1/2-1/2
Kovacevic,S-Arribas Lozano,C/Valencia 1998/EXT 2000 (23)}) (6... a6 7. a3 d6 (
7... Be7 8. Be2 $11 (8. Bd3 Nc6 9. O-O Nxd4 10. Nxd4 Qxd4 11. Qf3 Qb6 $17 {
0-1 Stadtmueller,H-Bletz,H/Germany 1994/GER (28)})) 8. Bd3 (8. Be2 Bd7 (8...
Be7 9. O-O O-O 10. Qd3 Nbd7 11. Rfe1 Qc7 12. Ng5 b5 13. Qh3 Re8 14. Bd3 Nf8 15.
Qe3 Bb7 $132 {1/2-1/2 Nielsen,H-Tarantino,S/Leopoldsburg 2000/EXT 2001 (41)})
9. O-O Be7 10. Qd2 Bc6 11. a4 Nbd7 12. b4 O-O 13. b5 axb5 14. axb5 Bxf3 15.
Bxf3 d5 16. Rxa8 Rxa8 17. Rb1 Qa5 $15 {0-1 Karlik,V-Chernyshov,K/Decin 1997/
EXT 98 (38)}) 8... Bd7 9. O-O (9. Rb1 Bc6 10. O-O Nbd7 11. Re1 Be7 $11 {
1/2-1/2 Travaglini,A-Balogh,C/Budapest 1999/CBM 70 ext (37)}) 9... Bc6 10. Bc4
d5 11. Bb3 Nbd7 12. Re1 Be7 $11 {0-1 Braeuning,R-Tolnai,T/Kecskemet 1992/CBM
29 (58)}) 7. Nb5 (7. Bd2 Qb6 $15) 7... Nd5 $1 (7... Bb4+ $2 8. Bd2 Na6 9. a3
Bxd2+ 10. Nxd2 d5 11. Rb1 Qa2 12. Qc1 {1-0 Mambrini,A-Frank,J/Imperia 1996/EXT
99 (12)} (12. Rb3 Bd7 13. Nc3 Qxb3 14. cxb3 Nc7 15. Bd3 O-O 16. O-O Rac8 17.
Nf3 {1-0 Scotti,U-Vianin,P/Mendrisio 1999/EXT 2000 (17)})) 8. Rb1 ({Or} 8. a3
Nxf4 9. Rb1 Qa2 10. Nc7+ Kd8 11. Nxa8 Qxa3 12. Qd2 Nd5 13. Ne5 Ke8 14. Nc4 Qa4
15. c3 b6 $17 {[%cal Gc8b7]}) 8... Qxa2 9. Bd2 Na6 10. Be2 Ndc7 $1 $17 {
[%cal Ga2d5]} (10... Ndb4 $2 11. c3 Nc2+ 12. Kf1 Na3 13. Ra1 $16 {0-1 Dos
Santos,H-Limp,E/Curitiba 1999/CBM 70 ext (53)})) (5... Na6 6. a3 Be7 7. Ne5 O-O
(7... cxd4 8. exd4 O-O $132 (8... Qd8 9. Bxa6 $5 bxa6 10. Qf3 d5 11. Nc6 Qb6
12. Nxe7 Kxe7 13. O-O-O Qc6 14. Qg3 Rg8 15. Bg5 $14 {1-0 Polgar,Z-Chandler,M/
Biel 1987/CBM 03 (57)})) 8. Bb5 d5 $132 (8... cxd4 9. exd4 d6 10. Nc4 Qd8 11.
Ne3 Nc7 12. Bd3 Bd7 13. Qf3 Bc6 14. Qh3 $14 {1-0 Rakic,T-Holzapfel,D/
Berlin-West 1987/EXT 98 (29)})) (5... Nc6 6. a3 (6. Nb5 Nd5 7. Nd6+ Bxd6 8.
Bxd6 Nxd4 9. Be5 Nxf3+ 10. gxf3 f6 $19 {0-1 Kogan,A-Stocek,J/Lazne Bohdanec
1996/CBM 51 (45)}) 6... Nh5 7. Bg3 Nxg3 8. hxg3 d5 $1 $11 {[%cal Gc8d7]} (8...
Be7 $2 $16 9. d5 $1 Bf6 10. Rb1 $1 (10. dxc6 $2 Qxb2 11. Nb5 Qxa1 12. Qxa1 Bxa1
13. Nc7+ Ke7 14. Nxa8 Bc3+ 15. Ke2 (15. Kd1 dxc6 16. Ng5 Bd7 17. Ne4 Bb2 18.
Nc7 Bxa3 $17) 15... b5 (15... dxc6 16. Kd3 Ba5 17. Ne5 Rd8+ 18. Ke2 Bc3 $17)
16. Ng5 b4 $132) 10... Ne5 (10... Ne7 $6 11. d6 Nf5 12. Nb5 Bd8 13. e4 Nh6 (
13... a6 14. exf5 axb5 15. fxe6 dxe6 16. Ne5 {[%csl Rc8,Re8][%cal Gd6d7]} Bd7
17. Qh5 {[%csl Rf7]} Rf8 18. Rd1 $16) 14. e5 Qc6 (14... a6 15. Nc3 f6 16. Nd2
Nf7 17. Qg4 $16) 15. Nc3 Ba5 16. Qd3 Bxc3+ 17. bxc3 b6 18. Qe3 Bb7 (18... Nf5
19. Qf4 f6 20. g4 fxe5 21. Qxe5 Nxd6 22. Qxg7 $18) 19. Qg5 Qe4+ (19... Kf8 20.
Rxh6 gxh6 21. Qxh6+ $18) 20. Kd2 Kf8 21. Rxh6 $18 {1-0 Galakhov,V-Tobak,A/
Odessa 2000/EXT 2001 (23)}) 11. Nd2 $14)) (5... Be7 6. Nb5 Nd5 7. Bg3 a6 8. e4
axb5 9. exd5 d6 10. dxe6 Bxe6 11. d5 Bd7 12. Be2 Bf6 13. c3 O-O 14. O-O Na6 $11
{1/2-1/2 Mueller,T-Van Hoolandt,P/Bad Woerishofen 2000/CBM 75 ext (47)}) ({
Very dangerous is sacrificed P capture:} 5... Qxb2 $2 6. Nb5 $1 {[%csl Rb2]}
Nd5 (6... Na6 7. Rb1 Qxa2 8. Ra1 Qb2 9. Rxa6 bxa6 10. Nc7+ Kd8 11. Ng5 Qb4+ 12.
Qd2 Qb1+ 13. Ke2 $16) 7. a3 $1 {Important restrictive move! White takes under
control square b4.} (7. Rb1 Qxa2 8. Ra1 Qb2 9. Rb1 $11) 7... Na6 8. Rb1 (8. Bc4
$2 Nc3 $17) 8... Qa2 9. Bd6 $1 {Threatening Qd1-c1 or Nf3-d2 with black Q
catching.} (9. Ra1 Qb2 $11) 9... cxd4 10. exd4 Nb6 {[%csl Rc4][%cal Gb6c4,
Gf1c4]} (10... Bxd6 11. Bc4 $1 Qxb1 12. Nxd6+ Ke7 13. Qxb1 Kxd6 14. Bxa6 bxa6
15. c4 $18) 11. Nc3 (11. c4 Bxd6 12. Nxd6+ Ke7 13. Qc1 $16) 11... Qxb1 12. Qxb1
Bxd6 13. Nb5 Bb8 14. c4 $16) 6. Nb5 $1 {[%csl Rc7][%cal Gb5c7] Much better
than another possibilities:} (6. a3 Bd7 7. Rb1 Be7 8. Ne5 O-O 9. Nxd7 Nbxd7 10.
Bd3 Rac8 $11 {1/2-1/2 Witkowski,S-Dyballa,M/Naleczow 1989/EXT 97 (31)}) (6. Be2
cxd4 7. exd4 Bb4 8. O-O O-O 9. Bd3 Nc6 10. Nb5 Qd8 11. a3 Ba5 12. Bg5 a6 13.
Nc3 Bc7 14. Re1 Bd6 $11 {0-1 Rodrigues,L-De Souza,M/Sao Paulo 2000/EXT 2001 
(44)}) 6... Na6 7. a4 $1 {[%csl Yb5] Now Nb5 became unpleasant for Black, it
is not easy to repel him!} (7. Ne5 $6 Be7 8. a4 O-O 9. c3 c4 10. b3 cxb3 11.
Qxb3 Nh5 12. Bg3 g6 $11 {1/2-1/2 Rakic,T-Parma,B/Novi Travnik 1969/EXT 2000 
(56)}) 7... Be7 ({Or} 7... c4 8. Ne5 Bd7 9. Nxd7 Nxd7 10. e4 $1 $14) 8. h3 ({
Interesting also} 8. a5 $5 Qd8 9. c3 c4 10. b3 cxb3 11. Qxb3 O-O 12. Bd3 Nh5
13. Be5 f6 14. Bg3 Nxg3 15. hxg3 f5 16. g4 $40 {1-0 Polgar,Z-Lukez,F/Val
Maubuee 1988/EXT 97 (22)}) 8... O-O 9. Be2 $1 (9. c3 $6 c4 10. b3 cxb3 11. Qxb3
Ne4 12. Rb1 Bd7 13. Bd3 Rfc8 $11 {[%csl Rc3][%cal Gc8c3,Ge4c3]} (13... f5 14.
O-O $14 {1-0 Kovacevic,S-Catalan Escale,E/Manresa 1996/EXT 98 (22)})) 9... Bd7
10. O-O $14 {Both sides completed their development. Na6 placed not on the
best position, Nb5 and Bf4 put certain pressure on d6 and c7 squares, so Black
decided to capture the N by Bd7.} Bxb5 $5 11. axb5 Nc7 {[%csl Rb5][%cal Gc7b5]}
12. dxc5 $8 Bxc5 13. Qd3 {[%csl Gb5][%cal Ge2b5]} Rfd8 ({Dubious is} 13... Ne4
$6 {[%csl Rb5][%cal Ge4d6]} {in view of} 14. c4 $1 f5 15. Bxc7 Qxc7 16. cxd5
Rfd8 17. b4 Bb6 18. Qb3 (18. Rfc1 Qe7 19. Qb3 Rxd5 20. Bc4 Rd6 21. Rd1 Rad8 $11
) 18... Nc3 19. Bc4 exd5 20. Bd3 Ne4 $14) 14. Ra4 Bd6 $6 $16 ({On} 14... Ne4 $5
{goes} 15. c4 $1 Bd6 16. Bxd6 Nxd6 17. b3 Qc5 (17... a6 18. Rc1 $1 {[%cal
Gc4c5] Threatening c4-c5} dxc4 19. bxc4 Nde8 20. c5 Qxb5 21. Qxd8 Qxa4 22. Qe7
{[%csl Rf7][%cal Gf3e5,Gf3g5]} Nd5 23. Qxb7 $16) 18. Rd1 $14 {This position,
nevertheless, is better for Black than position from the game.}) 15. Bxd6 Rxd6
16. Rfa1 Ne4 {[%cal Ge4c5]} 17. Ra5 (17. Qd4 $6 {[%csl Ra7][%cal Ga1a7,Gd4a7]}
Nxb5 18. Bxb5 Qxb5 19. c4 $1 $14) (17. b4 $1 $16 {-can be recommended.}) 17...
a6 ({Or} 17... Nc5 18. Qa3 $1 {[%csl Ra7][%cal Ga1a7]} (18. Qd4 h6 19. b4 Nd7
20. c3 Rc8 21. Rxa7 Nxb5 22. Bxb5 Qxb5 $132) 18... Rb8 (18... a6 19. b4 Nd7 20.
bxa6 bxa6 21. b5 $16) 19. Nd2 $16) 18. Nd2 $6 $14 {Inaccuracy.} ({After} 18. b4
$1 {[%csl Rc5][%cal Gb4c5,Ge4c5] White leaves with advantage.} Rdd8 19. c4 axb5
20. Rxa8 Nxa8 (20... Rxa8 21. Rxa8+ Nxa8 22. cxd5 $16) 21. c5 Qc7 22. Nd4 b6
23. Nxb5 $16) 18... Nxd2 19. Qxd2 Rb8 20. bxa6 Nxa6 21. b3 $5 {[%cal Gc2c4]
White prepares c2-c4.} ({Interesting also} 21. c3 Rc8 22. b4 Rdc6 23. R1a3 Nc7
24. Bd3 (24. Qd4 Qxd4 25. exd4 Ne8 26. Rc5 Nd6 27. Bd3 $132) 24... Ne8 25. e4
dxe4 26. Bxe4 Rd6 27. Qe1 Nf6 28. Bf3 $14) (21. Rb5 Qc7 22. Rb3 Rb6 23. Rxb6
Qxb6 24. Qd4 Qc6 25. c3 Nc5 $132) (21. Bxa6 bxa6 22. Rxa6 Qxb2 $11) 21... Nc7
22. Qc1 ({In the endgame after} 22. Qd4 $6 Qxd4 23. exd4 Rc6 {Black eventually
equalizes:} 24. R1a2 (24. c4 dxc4 25. bxc4 Ra6 26. c5 (26. f4 Kf8 27. Kf2 Ke7
28. Ke3 Rba8 29. Rxa6 Rxa6 30. Rxa6 Nxa6 $132) 26... Rxa5 27. Rxa5 Kf8 28. Ra7
Nd5 29. Bf3 b5 $132) 24... Kf8 25. Ra7 Rb6 26. Kf1 Rb4 27. g3 Ke7 $11 (27...
Rxd4 28. c3 Re4 29. Bd3 Re5 $44)) 22... Rc6 23. c4 $1 Na6 (23... Qxb3 $2 24.
Rb1 Rxc4 25. Bxc4 Qxc4 26. Qxc4 dxc4 27. Rc5 $18) (23... Qb4 $5 24. Qa3 Qc3 $14
) 24. Qa3 dxc4 25. Bxc4 h6 (25... g6 26. Qe7 $14 {[%cal Ge7f6]}) 26. Be2 ({
Of course, White can force draw by} 26. Bxa6 bxa6 27. Rxa6 Qxa6 28. Qxa6 Rxa6
29. Rxa6 Rxb3 $11 {but Miles is not satisfied by this result.}) 26... Rc3 (
26... Rc2 27. Rb5 Qd8 28. Rd1 $14) 27. Rb5 Qc7 28. Bc4 {[%csl Rc3][%cal Ga3b2]}
Rc2 $8 29. Qa5 $1 Qxa5 $6 {After this mistake White recieves an advantage
again.} (29... Rc8 $142 30. Qxc7 Rxc7 31. Bd3 (31. Rba5 Nc5 $11) 31... Rc1+ 32.
Rxc1 Rxc1+ 33. Kh2 Rc7 34. Be4 Nc5 35. Bf3 f5 36. b4 Nd3 37. g4 $14) 30. Raxa5
{[%csl Ra6,Rb7][%cal Ga5a6]} Nc7 31. Rb6 {[%csl Rb7][%cal Ga5a7]} Na8 {Black
had to do moves like this...} 32. Rd6 $2 $132 {White drops his advantage.} ({
Right was} 32. Rb4 $1 b6 (32... Kf8 33. Ra7 Nc7 34. Rbxb7 Rxb7 35. Rxb7 $16)
33. Ra7 {[%csl Ra8]} Rc8 34. Bd3 R2c7 35. Rxc7 Rxc7 36. Be4 Rc1+ 37. Kh2 Nc7
38. Rxb6 $16) 32... Kf8 ({Or} 32... Rb2 33. Ra7 g5 34. Rd3 (34. Rd7 Nb6 $1 $132
) (34. f4 b5 35. Bxb5 Rxb5 36. Rxa8+ Kg7 $11) 34... Nb6 35. Bb5 Kg7 $132) 33.
e4 (33. Ra7 Rb2 $132 (33... Ke7 34. Rda6 Nc7 35. Rb6 $16)) 33... Ke7 34. e5 Nc7
35. Ra7 (35. Rb6 Kd7 36. Ra7 Kc8 $132) 35... Rc1+ 36. Kh2 Re1 {[%csl Re5][%cal
Ge1e5]} 37. f4 ({Or} 37. Rb6 Rxe5 38. Rbxb7 Rxb7 39. Rxb7 Rc5 $11) 37... g5 $1
{[%csl Re5,Rf4][%cal Gg5f4,Ge1e5]} 38. g3 Re4 {Now White loses one of central
PP and had to capture on b7:} 39. Rb6 gxf4 40. gxf4 Rxf4 41. Rbxb7 Rxb7 42.
Rxb7 Kd7 43. Rb8 Re4 44. Rh8 Rxe5 45. Rxh6 Nd5 {This endgame is very
interesting. Which PP are stronger? White or Black free PP ?} 46. Rh4 ({
Badly is} 46. Bxd5 $2 Rxd5 47. h4 (47. Rh4 Rd2+ $17) 47... Ke7 48. Rh8 Rb5 49.
h5 $17) 46... Ne3 47. Rd4+ Ke7 48. Ba6 $2 $17 {White doesn't feel danger...} (
48. Kg3 $1 Nf5+ 49. Kf4 Re1 50. Rd3 $132) 48... Rc5 49. Re4 Rc2+ 50. Kg1 (50.
Kg3 Nf5+ 51. Kf4 Rc3 $17) 50... Nf5 51. b4 Rb2 52. Rc4 (52. b5 Ng3 $17) 52...
Nd6 53. Rh4 ({Or} 53. Rc7+ Kf6 54. Rc6 Ke5 55. b5 f5 56. h4 f4 57. Rc3 (57. h5
f3 58. b6 Nf5 $19 {[%csl Rg1][%cal Gf5e3,Gf5g3,Gf3f2]}) 57... Nf5 (57... Kd4 $6
58. Rf3 Ke4 59. Rf2 Rb3 60. h5 Nxb5 61. h6 Nd4 62. h7 Rb8 63. Ra2 Rh8 64. Ra3
f3 65. Bd3+ Kf4 66. Kf2 e5 67. Ra4 $44) 58. Rh3 Kf6 59. h5 Kg5 60. Bc8 Kg4 61.
Rh2 Rb1+ 62. Kf2 Nd4 $17) 53... e5 {[%cal Ge5e4,Gf7f5] White PP are stopped,
but Black PP can promote forward...White helpless.} 54. Bf1 Nf5 55. Rc4 Kd6 56.
b5 Nd4 57. Rc3 e4 58. Ra3 Nf3+ 59. Rxf3 exf3 60. h4 Ke5 0-1